[Event "Malopolska-ch"]
[Site "Krakow"]
[Date "2025.06.21"]
[Round "6"]
[White "Sobol, Matvii"]
[Black "Semenukha, Nikita"]
[Result "1-0"]
[WhiteElo "2176"]
[BlackElo "2057"]
[PlyCount "87"]
[EventDate "2025.06.19"]
[EventType "swiss"]
[EventRounds "7"]
[EventCountry "POL"]
[SourceTitle "CB26_2025"]
[SourceDate "2025.06.25"]
[SourceVersion "1"]
[SourceVersionDate "2025.06.25"]
[SourceQuality "1"]

1. e4 c5 2. Nf3 Nc6 3. Bb5 g6 4. 0-0 Bg7 5. Re1 Nf6 6. e5 Nd5 7. Nc3 Nxc3 8. dxc3 0-0 9. Bf4 Qb6 10. a4 a6 11. Bc4 Na5 12. Ba2 e6 13. Qd2 Qc7 14. Bh6 Nc6 15. Re4 Ne7 16. Bg5 Nf5 17. Nh4 d5 18. exd6 Nxd6 19. Ree1 e5 20. Rad1 Nf5 21. Nf3 h6 22. Bd8 Qc6 23. Nxe5 Bxe5 24. Rxe5 Be6 25. Bf6 c4 26. Bxc4 Bc8 27. Be7 Nxe7 28. Qxh6 Qxc4 29. Rd4 Nf5 30. Qxf8+ Kxf8 31. Rxc4 Be6 32. Rc7 Rd8 33. Re1 Rd2 34. Rxb7 Bd5 35. Rb8+ Kg7 36. Rd8 Nh4 37. c4 Nxg2 38. Rb1 Rxc2 39. cxd5 Nf4 40. d6 Nh3+ 41. Kg2 Nxf2 42. Kf3 f5 43. d7 Rd2 44. Ra8 1-0

[Event "UKR-ch U20"]
[Site "Lvov"]
[Date "2025.02.07"]
[Round "7"]
[White "Dubnevych, Maksym"]
[Black "Sobol, Matvii"]
[Result "1/2-1/2"]
[WhiteElo "2255"]
[BlackElo "2160"]
[PlyCount "156"]
[EventDate "2025.02.03"]
[EventType "swiss"]
[EventRounds "9"]
[EventCountry "UKR"]
[SourceTitle "CB07_2025"]
[SourceDate "2025.02.12"]
[SourceVersion "1"]
[SourceVersionDate "2025.02.12"]
[SourceQuality "1"]

1. d4 Nf6 2. c4 e6 3. Nf3 b6 4. g3 Bb7 5. Bg2 Bb4+ 6. Bd2 a5 7. 0-0 0-0 8. Bg5 Be7 9. Nc3 d5 10. b3 Na6 11. cxd5 exd5 12. Qc2 c5 13. Rad1 h6 14. Bc1 Qc8 15. Bb2 Re8 16. Qb1 Qe6 17. Rfe1 Ne4 18. e3 Rad8 19. dxc5 Bxc5 20. Nd4 Qg6 21. Ndb5 Bb4 22. a3 Bxc3 23. Nxc3 Nac5 24. b4 axb4 25. axb4 Ne6 26. Ne2 Qh5 27. Nf4 Nxf4 28. exf4 Bc8 29. Qd3 Bh3 30. Bf3 Qg6 31. Qd4 b5 32. Qd3 Qb6 33. Re3 Nf6 34. Rxe8+ Rxe8 35. Bxf6 Qxf6 36. Qxb5 Qe7 37. Bg2 Bxg2 38. Kxg2 Rd8 39. Rd4 Qd6 40. Qd3 Qb6 41. Qe3 Qb5 42. Qe7 Rc8 43. Rd1 Rb8 44. Rd4 Rc8 45. Qe3 Rc4 46. Qd2 Qc6 47. h4 Rc2 48. Qd3 Rc3 49. Qf5 Rc4 50. b5 Qxb5 51. Rxd5 Qe8 52. Kh2 Rc8 53. Qd3 Qe7 54. f5 Kh8 55. Rd6 f6 56. Rd4 Re8 57. Kg2 Qb7+ 58. Qf3 Qe7 59. g4 Qe5 60. Rf4 Kg8 61. Rb4 Kh8 62. Rb1 Rd8 63. Rb7 Rf8 64. Rd7 Kh7 65. Qb7 Rg8 66. Re7 Qf4 67. Re4 Qc1 68. Re3 Qc4 69. Rg3 Rd8 70. Qf3 Rd4 71. g5 fxg5 72. hxg5 Qd5 73. g6+ Kg8 74. Kh3 Qxf3 75. Rxf3 Kf8 76. f6 gxf6 77. Rxf6+ Kg7 78. Ra6 Rf4 1/2-1/2

[Event "UKR-ch U20"]
[Site "Lvov"]
[Date "2025.02.05"]
[Round "3"]
[White "Ship, Yaroslav"]
[Black "Sobol, Matvii"]
[Result "1-0"]
[WhiteElo "2011"]
[BlackElo "2160"]
[PlyCount "59"]
[EventDate "2025.02.03"]
[EventType "swiss"]
[EventRounds "9"]
[EventCountry "UKR"]
[SourceTitle "CB07_2025"]
[SourceDate "2025.02.12"]
[SourceVersion "1"]
[SourceVersionDate "2025.02.12"]
[SourceQuality "1"]

1. e4 c5 2. Nf3 a6 3. d4 cxd4 4. Nxd4 Nf6 5. Bd3 e5 6. Ne2 Bc5 7. 0-0 d6 8. Nbc3 h6 9. Ng3 Nc6 10. h3 0-0 11. Qe1 Be6 12. Be3 Qe7 13. Rd1 Rfd8 14. a3 Rac8 15. Qd2 b5 16. Nd5 Nxd5 17. exd5 Bxe3 18. fxe3 Bxd5 19. Bxb5 axb5 20. Qxd5 Qa7 21. Rf3 Rf8 22. Qxb5 Ne7 23. Rxd6 Rxc2 24. Qxe5 Qc7 25. Nh5 f6 26. Qg3 Rc1+ 27. Kh2 Ng6 28. Nxf6+ Kh8 29. Nd5 Qc2 30. Qxg6 1-0

[Event "Lvov Buturina Memorial 3rd"]
[Site "Lvov"]
[Date "2023.11.16"]
[Round "2"]
[White "Prokofyev, Valentyn"]
[Black "Sobol, Matvii"]
[Result "1/2-1/2"]
[WhiteElo "2340"]
[BlackElo "1702"]
[PlyCount "65"]
[EventDate "2023.11.16"]
[EventType "swiss"]
[EventRounds "9"]
[EventCountry "UKR"]
[SourceTitle "CBM 217 Extra"]
[Source "ChessBase"]
[SourceDate "2024.01.31"]
[SourceVersion "1"]
[SourceVersionDate "2024.01.31"]
[SourceQuality "1"]

1. Nf3 d5 2. c4 e6 3. d4 Nf6 4. g3 dxc4 5. Bg2 Be7 6. 0-0 0-0 7. Qc2 a6 8. a4 Nbd7 9. Bg5 h6 10. Bxf6 Nxf6 11. Qxc4 b5 12. Qc6 Rb8 13. axb5 Bb7 14. Qc1 axb5 15. Rd1 Ra8 16. Rxa8 Bxa8 17. Nc3 Qb8 18. Qe3 Qb6 19. Qd3 Bc6 20. Ra1 Qb7 21. Ne1 Rb8 22. Bxc6 Qxc6 23. Nf3 Qb7 24. Ra5 c6 25. Ne5 Bb4 26. Ra2 c5 27. dxc5 Bxc5 28. Qd1 Qc7 29. Nd3 Bd4 30. Qb3 Bxc3 31. bxc3 Nd5 32. Rc2 Rc8 33. Qxb5 1/2-1/2

[Event "Opole AZS op 1st"]
[Site "Opole"]
[Date "2023.08.15"]
[Round "7"]
[White "Sobol, Matvii"]
[Black "Pakleza, Zbigniew"]
[Result "0-1"]
[WhiteElo "1685"]
[BlackElo "2455"]
[PlyCount "112"]
[EventDate "2023.08.15"]
[EventType "swiss (rapid)"]
[EventRounds "9"]
[EventCountry "POL"]
[SourceTitle "EXT 2024"]
[Source "ChessBase"]
[SourceDate "2023.10.10"]
[SourceVersion "1"]
[SourceVersionDate "2023.10.10"]
[SourceQuality "1"]

1. d4 d6 2. Nc3 Nf6 3. e4 c6 4. Nf3 Bg4 5. h3 Bh5 6. Be2 e6 7. 0-0 Be7 8. Re1 d5 9. exd5 cxd5 10. Ne5 Bxe2 11. Nxe2 Nc6 12. Nxc6 bxc6 13. Nf4 0-0 14. Nd3 Qb6 15. Ne5 c5 16. Bg5 Qxb2 17. dxc5 Rfe8 18. Rb1 Qc3 19. Rb7 Qxc5 20. Bxf6 Bxf6 21. Qh5 Re7 22. Nd7 Qc3 23. Nxf6+ Qxf6 24. Rxe7 Qxe7 25. Qxd5 Rc8 26. Qb3 Qc5 27. Rd1 h5 28. Rd7 Qf5 29. Qd3 Qxd3 30. cxd3 Rc1+ 31. Kh2 Rc2 32. Rxa7 Rxf2 33. Ra8+ Kh7 34. a4 Ra2 35. Ra5 Kg6 36. Ra8 Ra3 37. d4 h4 38. a5 Ra4 39. Rh8 Rxd4 40. a6 Ra4 41. a7 Rxa7 42. Rxh4 f5 43. Rb4 e5 44. Kg3 Ra3+ 45. Kf2 Ra2+ 46. Kg3 f4+ 47. Kf3 Kf5 48. g4+ Kg5 49. Rb5 Ra3+ 50. Ke4 Re3+ 51. Kd5 f3 52. Rb2 Kf4 53. Ke6 e4 54. Rb8 f2 55. Rf8+ Kg3 56. Ke5 Rf3 0-1

[Event "Morshyn All Ukranian 1st"]
[Site "Morshyn"]
[Date "2023.07.08"]
[Round "6"]
[White "Sakun, Volodymyr"]
[Black "Sobol, Matvii"]
[Result "1-0"]
[WhiteElo "2370"]
[BlackElo "1746"]
[PlyCount "45"]
[EventDate "2023.07.08"]
[EventType "swiss (rapid)"]
[EventRounds "9"]
[EventCountry "UKR"]
[SourceTitle "CBM 215 Extra"]
[Source "ChessBase"]
[SourceDate "2023.09.30"]
[SourceVersion "1"]
[SourceVersionDate "2023.09.30"]
[SourceQuality "1"]

1. d4 Nf6 2. c4 e6 3. g3 d5 4. Nf3 dxc4 5. Bg2 Nc6 6. Qa4 Bb4+ 7. Bd2 Bxd2+ 8. Nbxd2 0-0 9. Qxc4 e5 10. dxe5 Ng4 11. Qc3 Qe7 12. Nc4 Re8 13. Rc1 Be6 14. 0-0 Bxc4 15. Qxc4 Ngxe5 16. Nxe5 Qxe5 17. Bxc6 bxc6 18. Qxc6 Qxb2 19. Rc2 Qb6 20. e3 Qxc6 21. Rxc6 Re7 22. Rfc1 Rc8 23. R1c5 1-0

[Event "Morshyn All Ukranian 1st"]
[Site "Morshyn"]
[Date "2023.07.08"]
[Round "7"]
[White "Sobol, Matvii"]
[Black "Mikhaletz, Lubomir"]
[Result "0-1"]
[WhiteElo "1746"]
[BlackElo "2304"]
[PlyCount "136"]
[EventDate "2023.07.08"]
[EventType "swiss (rapid)"]
[EventRounds "9"]
[EventCountry "UKR"]
[SourceTitle "CBM 215 Extra"]
[Source "ChessBase"]
[SourceDate "2023.09.30"]
[SourceVersion "1"]
[SourceVersionDate "2023.09.30"]
[SourceQuality "1"]

1. e4 Nc6 2. d4 d5 3. e5 f6 4. Bf4 fxe5 5. dxe5 Bf5 6. Nf3 Qd7 7. Bb5 a6 8. Bxc6 Qxc6 9. Nd4 Qg6 10. Bg3 e6 11. Nc3 Bb4 12. Nxf5 Qxf5 13. 0-0 Bxc3 14. bxc3 Ne7 15. Rb1 b6 16. c4 0-0 17. cxd5 Nxd5 18. Rb3 Rad8 19. Rf3 Qe4 20. Re1 Qc4 21. Rxf8+ Rxf8 22. h3 Qxa2 23. Qg4 Ne7 24. c4 Nf5 25. Bh4 h6 26. Rd1 Kh7 27. Bf6 Qa4 28. Bd8 Qc6 29. Bh4 a5 30. Bg3 a4 31. Qe2 a3 32. Qd3 a2 33. Bf4 Ra8 34. Ra1 Qc5 35. Bd2 Qd4 36. Qc3 Qxc3 37. Bxc3 Kg6 38. Kf1 Kf7 39. Ke2 Ke8 40. Kd3 Kd7 41. Kc2 Kc6 42. Kb3 Kc5 43. Rd1 b5 44. cxb5 Kxb5 45. g4 Ne7 46. Rd7 Nd5 47. Ba1 g5 48. Rh7 c5 49. Rxh6 c4+ 50. Kc2 Rf8 51. Rxe6 Rxf2+ 52. Kc1 c3 53. Rd6 Kc4 54. Rxd5 Kxd5 55. Bxc3 Rh2 56. Ba1 Rxh3 57. Kb2 Kxe5 58. Kxa2+ Kf4 59. Bf6 Kxg4 60. Kb2 Rf3 61. Bd4 Kf4 62. Kc2 g4 63. Kd2 g3 64. Ke2 g2 65. Bf2 Kg4 66. Ba7 Rf1 67. Bg1 Rxg1 68. Kf2 Rb1 0-1

[Event "Wroclaw Anderssen Memorial op-B"]
[Site "Wroclaw"]
[Date "2023.??.??"]
[Round "7"]
[White "Misiek, Stanislaw"]
[Black "Sobol, Matvii"]
[Result "0-1"]
[WhiteElo "1817"]
[BlackElo "1746"]
[PlyCount "52"]
[EventDate "2023.08.06"]
[EventType "swiss"]
[EventRounds "9"]
[EventCountry "POL"]
[SourceTitle "EXT 2024"]
[Source "ChessBase"]
[SourceDate "2023.10.10"]
[SourceVersion "1"]
[SourceVersionDate "2023.10.10"]
[SourceQuality "1"]

1. e4 c6 2. Nc3 d5 3. Qe2 dxe4 4. Nxe4 Bf5 5. d3 e6 6. g4 Bg6 7. f4 Be7 8. Ng3 h5 9. gxh5 Bxh5 10. Nxh5 Qa5+ 11. Bd2 Qxh5 12. 0-0-0 Qd5 13. Nf3 Qxa2 14. Bc3 Nd7 15. Bg2 Bd6 16. Ne5 Nxe5 17. Bxe5 Qa1+ 18. Kd2 Qa5+ 19. c3 Bxe5 20. Qxe5 Qxe5 21. fxe5 0-0-0 22. b4 Rh5 23. Rde1 Ne7 24. d4 Ng6 25. Ke3 Rdh8 26. Be4 Rh3+ 0-1

[Event "Wroclaw Anderssen Memorial op-B"]
[Site "Wroclaw"]
[Date "2023.??.??"]
[Round "1"]
[White "Sobol, Matvii"]
[Black "Zapolska, Roksana"]
[Result "1/2-1/2"]
[WhiteElo "1746"]
[BlackElo "1409"]
[PlyCount "72"]
[EventDate "2023.08.06"]
[EventType "swiss"]
[EventRounds "9"]
[EventCountry "POL"]
[SourceTitle "EXT 2024"]
[Source "ChessBase"]
[SourceDate "2023.10.10"]
[SourceVersion "1"]
[SourceVersionDate "2023.10.10"]
[SourceQuality "1"]

1. d4 Nf6 2. Nc3 d5 3. Bf4 Bf5 4. e3 a6 5. f3 h6 6. g4 Bh7 7. Bd3 Bxd3 8. Qxd3 e6 9. Nge2 g5 10. Bg3 h5 11. gxh5 Nbd7 12. 0-0-0 Nxh5 13. e4 Nb6 14. Rhe1 Nxg3 15. hxg3 c6 16. f4 Qe7 17. exd5 cxd5 18. Kb1 0-0-0 19. f5 Rd6 20. Nc1 Kb8 21. Nb3 Qc7 22. Rh1 Rxh1 23. Rxh1 Be7 24. Re1 Ka7 25. a3 exf5 26. Qxf5 Rf6 27. Nxd5 Qxg3 28. Qe5 Qxe5 29. dxe5 Re6 30. Nxb6 Kxb6 31. Nd4 Rg6 32. Rf1 Bc5 33. Ne2 Re6 34. Rxf7 Rxe5 35. Nc3 Be3 36. Rg7 Bd4 1/2-1/2

[Event "Wroclaw Anderssen Memorial op"]
[Site "Wroclaw"]
[Date "2022.07.30"]
[Round "9"]
[White "Sobol, Matvii"]
[Black "Krupacz, Maciej"]
[Result "0-1"]
[WhiteElo "1407"]
[BlackElo "1840"]
[PlyCount "118"]
[EventDate "2022.07.30"]
[EventType "swiss (rapid)"]
[EventRounds "9"]
[EventCountry "POL"]
[SourceTitle "CBM 209 Extra"]
[Source "ChessBase"]
[SourceDate "2022.09.30"]
[SourceVersion "1"]
[SourceVersionDate "2022.09.30"]
[SourceQuality "1"]

1. e4 c5 2. Nf3 d6 3. c3 Nf6 4. Be2 g6 5. Bb5+ Bd7 6. Bxd7+ Nbxd7 7. Qe2 Bg7 8. d4 cxd4 9. cxd4 0-0 10. Nc3 Nb6 11. 0-0 Rc8 12. Rd1 d5 13. e5 Ne8 14. Bf4 Nc7 15. Ng5 Qd7 16. a4 Ne6 17. Nxe6 Qxe6 18. a5 Nc4 19. Rdc1 b6 20. axb6 axb6 21. Qf3 Rfd8 22. b3 Na5 23. Nxd5 Rxc1+ 24. Rxc1 h5 25. Ne3 Rxd4 26. h3 Nxb3 27. Rc6 Nd2 28. Rxe6 Nxf3+ 29. gxf3 fxe6 30. Bg5 Kf7 31. f4 b5 32. Kf1 b4 33. Ke2 b3 34. Nd1 Rd7 35. Nb2 Kg8 36. Nd3 Kh7 37. h4 Bh6 38. Nb2 Bxg5 39. hxg5 h4 40. Kf3 Rd2 41. Nc4 Rc2 42. Na3 b2 43. Kg4 Rxf2 44. Kxh4 Rf1 45. Kg4 b1Q 46. Nxb1 Rxb1 47. Kh4 Rf1 48. Kg4 Kg7 49. Kg3 Kf7 50. Kg4 Ke8 51. Kg3 Kd7 52. Kg4 Kc6 53. Kg3 Kd5 54. Kg4 Ke4 55. Kh3 Kxf4 56. Kg2 Rf3 57. Kh2 Rg3 58. Kh1 Kf3 59. Kh2 Kf2 0-1

[Event "EU-chT U12"]
[Site "Thessaloniki"]
[Date "2022.07.16"]
[Round "5.4"]
[White "Gloeckler, Christian"]
[Black "Sobol, Matvii"]
[Result "1-0"]
[WhiteElo "1827"]
[BlackElo "1407"]
[PlyCount "101"]
[EventDate "2022.07.12"]
[EventType "team-swiss"]
[EventRounds "7"]
[EventCountry "GRE"]
[SourceTitle "EXT 2023"]
[Source "ChessBase"]
[SourceDate "2022.10.05"]
[SourceVersion "1"]
[SourceVersionDate "2022.10.05"]
[SourceQuality "1"]
[WhiteTeam "Germany U12"]
[BlackTeam "Lvov Academy U12"]
[WhiteTeamCountry "GER"]
[BlackTeamCountry "UKR"]

1. e4 c5 2. Nf3 d6 3. d4 cxd4 4. Nxd4 Nf6 5. Nc3 a6 6. Bg5 e6 7. f4 h6 8. Bh4 Nbd7 9. Be2 Be7 10. Qd2 Qc7 11. Bxf6 Nxf6 12. 0-0-0 b5 13. a3 Bb7 14. Bf3 Rc8 15. Kb1 Nd7 16. e5 Bxf3 17. exd6 Qxd6 18. gxf3 Nb6 19. Ne4 Qc7 20. Rhg1 Nc4 21. Qd3 Kf8 22. f5 Ne5 23. Qe2 exf5 24. Nxf5 Ng6 25. Qf2 a5 26. Rd2 Qe5 27. Ne3 Bc5 28. Rgd1 Bxe3 29. Qxe3 Kg8 30. Qb3 a4 31. Qb4 Kh7 32. Nd6 Rc7 33. Qxb5 Qxb5 34. Nxb5 Rb7 35. Nc3 Ne5 36. Nxa4 Ra8 37. Nc5 Rb5 38. Nb3 Nxf3 39. Rf2 g5 40. Rxf3 Ra7 41. Nd4 Rb6 42. b4 Kg6 43. c4 g4 44. Rfd3 Rc7 45. Rc1 f5 46. c5 Rf6 47. b5 f4 48. b6 Rb7 49. Rb3 Rd7 50. b7 Rf8 51. Ne6 1-0

[Event "EU-chT U12"]
[Site "Thessaloniki"]
[Date "2022.07.12"]
[Round "1.4"]
[White "Shilon Rahav, Eliran"]
[Black "Sobol, Matvii"]
[Result "0-1"]
[WhiteElo "1922"]
[BlackElo "1407"]
[PlyCount "122"]
[EventDate "2022.07.12"]
[EventType "team-swiss"]
[EventRounds "7"]
[EventCountry "GRE"]
[SourceTitle "EXT 2023"]
[Source "ChessBase"]
[SourceDate "2022.10.05"]
[SourceVersion "1"]
[SourceVersionDate "2022.10.05"]
[SourceQuality "1"]
[WhiteTeam "Israel U12"]
[BlackTeam "Lvov Academy U12"]
[WhiteTeamCountry "ISR"]
[BlackTeamCountry "UKR"]

1. e4 e6 2. Qe2 c5 3. Nf3 Nc6 4. g3 g6 5. Bg2 Bg7 6. 0-0 Nge7 7. Re1 d6 8. d3 0-0 9. Nbd2 e5 10. h3 h6 11. Nf1 Kh7 12. c3 Be6 13. Be3 Qd7 14. Kh2 f5 15. exf5 Nxf5 16. a3 a5 17. Rad1 Rae8 18. g4 Nfe7 19. d4 Bb3 20. Rd2 e4 21. Ng1 cxd4 22. Bxd4 Nxd4 23. cxd4 d5 24. Qe3 a4 25. Ne2 Nc6 26. Nc1 Bc4 27. Ng3 Qc7 28. Kg1 Rf7 29. Nce2 Ref8 30. Nc3 Bf6 31. Ngxe4 dxe4 32. Nxe4 Bg7 33. d5 Ne5 34. d6 Qd8 35. Nc5 b6 36. Nxa4 Nf3+ 37. Bxf3 Rxf3 38. Qe7 b5 39. Qxd8 Rxd8 40. Nc5 Bf8 41. Ne4 Rxh3 42. d7 Kg7 43. Ng3 Kf7 44. Kg2 Rh4 45. f3 Be6 46. Red1 Ke7 47. Re1 Rxd7 48. Rde2 Rd6 49. Ne4 Rc6 50. Kg3 g5 51. Nc3 Kf7 52. Ne4 Bg7 53. b4 Bc4 54. Rf2 Bd4 55. Rg2 Be6 56. Nd2 Bb6 57. Nf1 Bc7+ 58. Kf2 Rc2+ 59. Kg1 Bb6+ 60. Ne3 Rc3 61. Rge2 Bc4 0-1